|
|
|
|
| LEADER |
00000cam a2200000 7i4500 |
| 001 |
0000000808 |
| 005 |
20240912.0 |
| 008 |
991124 my may |
| 040 |
|
|
|a INS
|b eng
|e rda
|
| 090 |
0 |
0 |
|a RPL5083.2
|b .A86 1985
|
| 100 |
0 |
|
|a Asmah Hj. Omar ,
|e author
|
| 245 |
1 |
0 |
|a Penggunaan bahasa dalam borang :
|b bahasa dalam komunikasi
|c Asmah Hj. Omar
|
| 264 |
|
1 |
|a Kuala Lumpur :
|b Dewan Bahasa dan Pustaka
|c 1985
|
| 300 |
|
|
|a x, 41 pages ;
|c 22 cm.
|
| 336 |
|
|
|a text
|2 rdacontent
|
| 337 |
|
|
|a unmediated
|2 rdamedia
|
| 338 |
|
|
|a volume
|2 rdacarrier
|
| 490 |
0 |
|
|a Siri pedoman bahasa
|
| 650 |
|
0 |
|a Bahasa Malaysia
|x Usage
|
| 650 |
|
0 |
|a Malay language
|
| 650 |
|
0 |
|a Written communication
|
| 999 |
|
|
|a 0000003193
|b BOOK
|c Red Spot
|e Default branch
|